| 000 | 01452nam2a2200277 4500 | ||
|---|---|---|---|
| 001 | v19\rc\1444232 | ||
| 005 | 20250618135008.0 | ||
| 035 | _a(NLR Aleph) 004586500 | ||
| 090 |
_a2599754 _c2599754 |
||
| 100 | _a20060620d1879 |||y0rusy50 ca | ||
| 101 | 0 | _arus | |
| 102 | _aRU | ||
| 105 | _aa z 001yy | ||
| 200 | 1 |
_a[Судебныя места, образованныя на основании судебных уставов 20 ноября 1864 года] _eисправлен по 1-е июня |
|
| 210 |
_d1879 _aБ. м. |
||
| 215 |
_a248, [4], L с. _cтабл. _d17 |
||
| 320 | _aАлф. указ.: с. I-L | ||
| 461 | 0 |
_1001v19\rc\1444230 _12001#$aСписок чинам ведомства Министерства юстиции$v1879, ч. 2 _92599733 _aРоссия. Министерство юстиции _cСанктпетербург [Санкт-Петербург] _d1872-1913 _nпечатано в Типографии Правительствующаго Сената _tСписок чинам ведомства Министерства юстиции _v1879, ч. 2 |
|
| 518 | 1 | _aСудебные места, образованные на основании судебных уставов 20 ноября 1864 года | |
| 801 | 0 |
_aRU _bNLR _gpsbo |
|
| 801 | 0 |
_aRU _bRuMoRGB _2psbo |
|
| 801 | 1 |
_aRU _bProSoft-M _2rusmarc |
|
| 852 |
_aNLR _j18.57.9.12(1879-2) |
||
| 942 | _cBOOK | ||
| 980 | _aNB | ||